| 000 | 00581nam a22002057a 4500 | ||
|---|---|---|---|
| 003 | 0 | ||
| 005 | 20251108095831.0 | ||
| 008 | 251108b xxu||||| |||| 00| 0 eng d | ||
| 020 | _a978-0-7434-5415-5 | ||
| 050 |
_aPS 3569.L45 _b.I44 2005 |
||
| 100 |
_aIles, Greg, _eauthor. |
||
| 245 |
_aBlood memory / _cGreg Iles. |
||
| 260 |
_aNew York, NY : _bPocket Star Book, _c2005. |
||
| 300 |
_a767 pages ; _c19 cm. |
||
| 650 | _aSuspense fiction. | ||
| 650 |
_aMurder _xInvestigation _vFiction. |
||
| 650 | _aThrillers (Fiction). | ||
| 650 | _aPsychological fiction. | ||
| 942 |
_2lcc _cBK |
||
| 999 |
_c368533 _d368533 |
||